| 000 | 00470nam a22001697a 4500 | ||
|---|---|---|---|
| 005 | 20251108165920.0 | ||
| 008 | 250721s1985 xx 000 0 ara d | ||
| 082 | 1 | 4 | _aق/موم |
| 100 | 1 | _aموم، سومرست | |
| 245 | 1 | 0 | _aالخطيئة السابعة / |
| 264 | 1 |
_aالقاهرة : _bدار الهلال، _c1985. |
|
| 300 | _a130ص | ||
| 490 | 0 | _aروايات الهلال ؛ 439 | |
| 650 | 1 | 7 | _aالأدب القصصي |
| 942 |
_2ddc _cBK |
||
| 999 |
_c34707 _d34707 |
||